Trhacia technika 2011 zborník prednášok z medzinárodnej konferencie : Kongresové centrum Academia Stará Lesná, 26.-27. 05. 2011 Slovak Republic

Bibliographic Details
Corporate Author: Trhacia technika Stará Lesná, Slovensko (Author)
Other Authors: Beránek, Mikuláš, 1933- (Compiler)
Format: Conference Proceeding Book
Language:Slovak
Czech
English
Polish
PhysicalDescription:231 s. fotogr., grafy, sch., tab. 21 cm
Published: Banská Bystrica Slovenská spoločnosť pre trhacie a vŕtacie práce [2011]
ISBN:9788097026530
Edition:[1. vyd.]
Subjects:

MARC

LEADER 00000nam a2200000 a 4500
001 vtls010289473
003 SK-MaSNL
005 20260316143723.0
008 250414s2011 xo dol f a 100 0 slo
015 |a SNBA2011/10-05385 
020 |a 9788097026530  |q (brož.) 
035 |a a8ffa987-f4e2-4e77-a03b-1e0524ca6ab7 
035 |a urn:nbn:sk:snk-amjtd7 
035 |a urn:nbn:sk:snk:ar-a0avci 
040 |a SNK  |b slo  |c SNK  |e AACR2 
041 0 |a slo  |a cze  |a eng  |a pol  |b slo  |b cze  |b eng  |b pol 
044 |a xo  |c SK 
072 7 |a 622  |x Baníctvo  |2 konspekt 
080 |a 662.2  |2 2001 
080 |a 662.235  |2 2001 
080 |a (062.534)  |2 2001 
111 2 |a Trhacia technika  |d (2011 :  |c Stará Lesná, Slovensko)  |4 aut  |9 413189 
245 1 0 |a Trhacia technika 2011  |b zborník prednášok z medzinárodnej konferencie : Kongresové centrum Academia Stará Lesná, 26.-27. 05. 2011 Slovak Republic  |c [zostavil: Mikuláš Beránek] 
246 1 1 |a Blasting Techniques 2011 
250 |a [1. vyd.] 
260 |a Banská Bystrica  |b Slovenská spoločnosť pre trhacie a vŕtacie práce  |c [2011] 
300 |a 231 s.  |b fotogr., grafy, sch., tab.  |c 21 cm 
500 |a Názov z obalu 
504 |a Bibliogr. odkazy 
546 |a Text aj česky, anglicky, poľsky 
546 |a Res. slov., čes., angl. a poľ. 
650 0 7 |a trhaviny  |2 SNKPH  |9 50974 
650 0 7 |a trhacia technika  |2 SNKPH  |9 413190 
650 0 7 |a Explosives  |2 SNKPHeng  |9 332104 
650 0 7 |a Blasting  |2 SNKPHeng  |9 332105 
655 7 |a zborníky konferencií  |2 SNKPH  |9 70153 
655 7 |a Proceedings of conferences  |2 SNKPHeng  |9 265791 
655 7 |a issue_zb  |2 SNK  |9 276493 
700 1 |a Beránek, Mikuláš,  |d 1933-  |4 com  |9 1634864 
852 |a Slovenská národná knižnica 
919 |a 978-80-970265-3-0 
954 |a odborná, vedecká literatúra pôvodná (slovenská)  |2 lita 
954 |a odborná, vedecká literatúra cudzojazyčná (svetová)  |2 lita 
958 |a ART 
958 |a NB 
958 |a OND 
968 |d 66/69 
999 |c 663721  |d 665651 
952 |a SNK  |b SNK  |y PREZ  |7 0  |p 17A0707416  |o snkSC 146079  |i snk2011/15208  |8 0  |0 0  |1 0  |4 0  |d 2011-07-07  |f 1  |l 0  |r 2025-07-15 00:00:00  |w 2026-02-23 
952 |a SNK  |b SNK  |y VYP  |7 0  |p 17A0707417  |o snkSC 146079 D1  |i snk2011/15209  |8 0  |0 0  |1 0  |4 0  |d 2011-07-07  |f 1  |l 0  |r 2026-02-23 19:01:19  |w 2026-02-23